000 01591nam0a2200361 4500
001 RU\NLR\BIBL_A\012496657
005 20250624051419.0
010 _a978-5-4469-1399-2
_9300
021 _aRU
_b2020-76863
_9КН-П-5806
035 _a(RuMoRGB)010501089
035 _a(NLR Aleph) 012496657
090 _a12207861
_c12207861
100 _a20210406d2019 |||y0rusy50 ca
101 0 _arus
_deng
_dchi
_erus
_eeng
102 _aRU
105 _aacg z 001zy
181 0 _ai
_baxxe
182 0 _an
200 1 _aПекинская опера цзинцзюй
_eмузыка, актёр и сцена китайского традиционного театра
_eмонография
_fТуяна Будаева
_gРоссийская академия наук, Институт востоковедения
203 _aТекст
_bвизуальный
_cнепосредственный
210 _aМосква
_aСанкт-Петербург
_cНестор-История
_d2019
215 _a309, [3] с.
_cил., ноты, табл., цв. ил., цв. портр.
_d24
300 _aРез. англ., кит.
320 _aБиблиогр.: с. 220-250 (462 назв.) и в подстроч. примеч.
320 _aУказ. и списки: с. 288-311
606 1 _aПекинская опера
_91774908
_3RU\NLR\AUTH\66797356
686 1 _aЩ335.413(5Кит)
700 1 _aБудаева
_bТ. Б.
_gТуяна Баторовна
942 _cBOOK
980 _aNBR
980 _aNB